| 000 | 00928nam a22002417a 4500 | ||
|---|---|---|---|
| 003 | OSt | ||
| 005 | 20140818213002.0 | ||
| 008 | 140816b xxu||||| |||| 00| 0 eng d | ||
| 040 | _cBMC | ||
| 082 | _a613.04244 | ||
| 082 | _a610.73 | ||
| 100 | 1 |
_923969 _aGómez Sánchez, Rebeca |
|
| 245 | 1 | 0 |
_aSalud de las mujeres, implicaciones de enfermería _cRebeca Gómez Sánchez, Julia Elena Ortiz Rivera |
| 250 | _a1ª ed | ||
| 260 |
_aSan Salvador _bMinisterio de Salud Pública y Asistencia Social _c2005 |
||
| 300 |
_a174 p. _c20 cm |
||
| 490 |
_aTextos de enfermería relacionados con la salud integral de la mujer _v1 |
||
| 500 | _aEn la port.: Cursos Internacionales de Educación para la Enfermería de Centro América y el Caribe, San Salvador, El Salvador, 2005 | ||
| 650 | 2 | 4 |
_94439 _aMujeres _xSalud e higiene |
| 650 | 2 | 4 |
_97891 _aCuidados de enfermería |
| 700 | 1 |
_923970 _aOrtiz Rivera, Julia Elena |
|
| 942 |
_2ddc _cBK |
||
| 999 |
_c13042 _d13042 |
||